000 00450nam a2200181Ia 4500
001 11562
005 20260306162837.0
008 260306t1994||||xx |||||||||||||| ||spa||
041 _aESP
082 _a985.09
_bP66
100 _aPlanas, Pedro
_eAUT
245 0 _aEl 900:
_bbalance y recuperación. I. Aproximaciones al 900
260 _c1994
300 _a456 pƔginas :
_c20 cm.
650 _aGEN
654 _aCHU
942 _cLIB
_dJUS
_fJUS
_2ddc
_n
999 _c11562
_d11562